000 00293nam a22001337a 4500
008 170622b xxu||||| |||| 00| 0 eng d
020 _a9780486212586
041 _aeng
080 _a94
100 _a21
101 _aSHP
245 _aTHE HISTORY ORCHESTRATION
_cCARSE.A
942 _2udc
_cBK
999 _c18840
_d18840